000 00279nam a2200121 i 4500
001 bg
245 0 _aNovye masiny dlja sela /
_cpod red. A.G. Cimbala.
260 _aCharkov,
_c1972.
040 _cBPK
041 _apol
942 _cKS
008 s pl f |000 0 pol
999 _c26622
_d26622
856 _uhttp://koha.tu.koszalin.pl/cgi-bin/koha/opac-detail.pl?biblionumber=26622
_yKatalog online BPK